000 00600nam a2200181 a 4500
001 000033119
005 20200930070035.0
008 110817s1971 dr ac 000 0 spa d
040 _aDO-SdBNP
_bspa
_cBNPHU
082 _axxxx
_bD556m
100 1 _aDidiez Burgos, Ramón J.
_954594
245 1 3 _aEl milagro en el fuerte de Santo Tomás. /
_cpor Ramón J. Didiez Burgos ; César D´Windt Lavandier.
260 _aSanto Domingo :
_b[s. n.],
_c1971.
300 _a85 p. :
_bil., retr. ;
_c29 cm.
500 _aBibliografía : p.85
700 1 _aLavandier, César D´Windt
_epról.
_958783
049 _aBNPD
999 _c32610
_d32610